Statistics for Religion in Argentina

Click here to take the quiz!

General Stats

  • This quiz has been taken 43 times
  • The average score is 3 of 4

Answer Stats

PercentReligion% Correct
62.9%Catholic
95%
15.3%Protestant
93%
18.9%None
90%
4%Other (Religions)
58%

Score Distribution

Percentile by Number Answered

Percent of People with Each Score

Your Score History

You have not taken this quiz